000 00422 a2200145 4500
005 20250508155954.0
020 _a978-0-13-501320-5
082 _a658.401 DAV
100 _aDAVID, F . R .
245 _aStrategic Management : Concept and Cases
250 _a12th Ed.
260 _aNew Jersey,
_bPearson Education,
_c2009.
300 _a368p.: ill.; figure, picture, table,
_bindex & reference,
_c27cm.
942 _2ddc
_cBKS
999 _c2212
_d2212